Statistics for Foods That Are Green

Click here to take the quiz!

General Stats

  • This quiz has been taken 86 times
  • The average score is 12 of 15

Answer Stats

Answer% Correct
Kiwi fruit
100%
Green grapes
99%
Avocadoes
95%
Brussels sprouts
94%
Peas
94%
Broccoli
92%
Cucumbers
92%
Cabbage
89%
Green olives
84%
Limes
71%
Basil
70%
Kale
68%
Okra
61%
Rosemary
43%
Courgettes
10%

Score Distribution

Percentile by Number Answered

Percent of People with Each Score

Your Score History

You have not taken this quiz